[Event "ChFreOpenA2011"]
[Site "Caen"]
[Date "2011.08.16"]
[Round "1.1"]
[White "Naudier, Serge"]
[Black "Regnier, Bruno"]
[Result "1-0"]
[WhiteElo "2194"]
[BlackElo "2047"]
[PlyCount "51"]
[EventDate "2011.??.??"]

1. e4 e6 2. d4 d5 3. Nc3 Nf6 4. e5 Nfd7 5. Nce2 c5 6. c3 Nc6 7. f4 Qb6 8. Nf3
Be7 9. g3 O-O 10. Bh3 Qc7 11. O-O b5 12. f5 exf5 13. Bxf5 Nb6 14. Bb1 b4 15.
Qd3 g6 16. Bh6 Re8 17. Ng5 Nd8 18. Nxh7 c4 19. Qc2 b3 20. axb3 cxb3 21. Qd3 Qc4
22. Rxf7 Qxd3 23. Rg7+ Kh8 24. Bxd3 Bf5 25. Bxf5 gxf5 26. Nf4 1-0

[Event "ChFreOpenA2011"]
[Site "Caen"]
[Date "2011.08.16"]
[Round "1.2"]
[White "Vignier, Pascal"]
[Black "Aurel, Luc"]
[Result "1-0"]
[WhiteElo "2046"]
[BlackElo "2191"]
[PlyCount "45"]
[EventDate "2011.??.??"]

1. e4 d6 2. d4 Nf6 3. Nc3 e5 4. dxe5 dxe5 5. Qxd8+ Kxd8 6. Bg5 Bd6 7. O-O-O h6
8. Bh4 g5 9. Bg3 Nbd7 10. f3 a6 11. Nge2 Ke7 12. h4 g4 13. f4 c6 14. fxe5 Nxe5
15. Nf4 b5 16. Bd3 h5 17. Rhe1 Nfd7 18. Bf1 a5 19. Nce2 Bc5 20. Nd4 Bxd4 21.
Rxd4 f6 22. Red1 Bb7 23. Ng6+ 1-0

[Event "ChFreOpenA2011"]
[Site "Caen"]
[Date "2011.08.16"]
[Round "1.3"]
[White "Quenette, Remi"]
[Black "Aflalo, Sophie"]
[Result "1/2-1/2"]
[WhiteElo "2185"]
[BlackElo "2041"]
[PlyCount "94"]
[EventDate "2011.??.??"]

1. d4 Nf6 2. c4 g6 3. Nc3 Bg7 4. e4 d6 5. Be2 O-O 6. Bg5 Nbd7 7. Nf3 c5 8. d5
a6 9. Qd2 Re8 10. Bh6 Bh8 11. h3 b5 12. cxb5 axb5 13. Bxb5 Qb6 14. Be2 e6 15.
O-O exd5 16. exd5 Ne4 17. Nxe4 Rxe4 18. Bd3 Rea4 19. Rae1 Ne5 20. Nxe5 dxe5 21.
a3 Rb8 22. Qc2 Bd7 23. Be3 Qxb2 24. Qxb2 Rxb2 25. Bxc5 Ra5 26. Rc1 Bf6 27. d6
Bg5 28. Bb4 Bxc1 29. Bxa5 Bd2 30. Bxd2 Rxd2 31. Bc4 Rxd6 32. Re1 Rd4 33. Bb3
Rd3 34. Re3 Rxe3 35. fxe3 Kf8 36. h4 f5 37. Kf2 Ke7 38. g3 h6 39. Ke1 Kd6 40.
Kd2 Kc5 41. Kc3 g5 42. hxg5 hxg5 43. Bc4 Bb5 44. Be6 f4 45. exf4 gxf4 46. gxf4
exf4 47. Bg4 Bc6 1/2-1/2

[Event "ChFreOpenA2011"]
[Site "Caen"]
[Date "2011.08.16"]
[Round "1.4"]
[White "Ferry, Roger"]
[Black "Girard, Eric"]
[Result "1-0"]
[WhiteElo "2040"]
[BlackElo "2173"]
[PlyCount "69"]
[EventDate "2011.??.??"]

1. d4 e6 2. Nf3 f5 3. g3 Nf6 4. Bg2 d5 5. O-O Bd6 6. c4 c6 7. c5 Bc7 8. Nc3 O-O
9. b4 b6 10. Bb2 Qe7 11. a4 bxc5 12. bxc5 Nbd7 13. Qc2 Rb8 14. Rab1 e5 15. Nxe5
Nxe5 16. dxe5 Bxe5 17. Ba3 Ba6 18. Na2 Bc4 19. Nb4 Qe6 20. Nd3 Nd7 21. Rxb8
Rxb8 22. Rb1 Rxb1+ 23. Qxb1 Bd4 24. Nf4 Qf7 25. Qb7 g5 26. Nh3 Qe7 27. Qxc6 Nf6
28. Qc8+ Kg7 29. Qxf5 Qxe2 30. Qxg5+ Kh8 31. Qc1 Ne4 32. Qf1 Qa2 33. Qd1 Qxa3
34. Qxd4+ Kg8 35. Bxe4 1-0

[Event "ChFreOpenA2011"]
[Site "Caen"]
[Date "2011.08.16"]
[Round "1.5"]
[White "Bourdonnais, Loic"]
[Black "De La Fontaine, Christophe"]
[Result "1-0"]
[WhiteElo "2165"]
[BlackElo "2039"]
[PlyCount "69"]
[EventDate "2011.??.??"]

1. c4 c5 2. Nc3 Nc6 3. g3 g6 4. Bg2 Bg7 5. a3 Nf6 6. Rb1 O-O 7. b4 cxb4 8. axb4
d6 9. Nf3 Bf5 10. d3 Qd7 11. b5 Nd8 12. h3 h6 13. Bd2 g5 14. Qc1 Bg6 15. O-O
Rc8 16. Qa3 b6 17. Rb4 e5 18. Ra4 Rc7 19. Ra1 e4 20. Ne1 d5 21. Rxa7 dxc4 22.
Rxc7 Qxc7 23. dxe4 Re8 24. Rd1 Nxe4 25. Nd5 Qe5 26. Be3 Bf8 27. Qc1 c3 28. Nf3
Qd6 29. Nxb6 Qb4 30. Nd5 Qb2 31. Nd4 Bg7 32. Bxe4 Bxe4 33. Nxc3 Qb4 34. Nxe4
Rxe4 35. Qc8 1-0

[Event "ChFreOpenA2011"]
[Site "Caen"]
[Date "2011.08.16"]
[Round "1.6"]
[White "Thereze, Ludovic"]
[Black "Cristofari, Antoine"]
[Result "1-0"]
[WhiteElo "2038"]
[BlackElo "2157"]
[PlyCount "103"]
[EventDate "2011.??.??"]

1. Nf3 Nf6 2. c4 g6 3. b4 Bg7 4. Bb2 O-O 5. g3 b6 6. Bg2 Bb7 7. O-O d6 8. d3
Na6 9. a3 c5 10. Qa4 e5 11. Nxe5 Bxg2 12. Kxg2 dxe5 13. Qxa6 e4 14. dxe4 Nxe4
15. Bxg7 Kxg7 16. Ra2 h5 17. Qb7 Re8 18. f3 Nd6 19. Qd5 Nf5 20. Qxd8 Ne3+ 21.
Kf2 Raxd8 22. Rc1 Rd4 23. bxc5 bxc5 24. Nd2 Re5 25. h3 f5 26. f4 Re7 27. Nb3
Rxc4 28. Rxc4 Nxc4 29. Nxc5 Kf7 30. Nd3 Nd6 31. Rb2 Ne4+ 32. Kf3 Kf6 33. a4 Ke6
34. g4 hxg4+ 35. hxg4 Nd6 36. g5 Kf7 37. Nc5 Kg7 38. Rd2 Nf7 39. Rd7 Rxd7 40.
Nxd7 Nd8 41. Ne5 Nb7 42. Nc4 Kf7 43. Ke3 Ke6 44. Kd4 a6 45. e3 Ke7 46. Ke5 Nc5
47. Kd5 Nb3 48. Kc6 Ke6 49. Kb6 Kd5 50. Ne5 Na1 51. Nxg6 Nc2 52. Kxa6 1-0

[Event "ChFreOpenA2011"]
[Site "Caen"]
[Date "2011.08.16"]
[Round "1.7"]
[White "Duboue, Peio"]
[Black "Cochet, Caroline"]
[Result "1-0"]
[WhiteElo "2156"]
[BlackElo "2036"]
[PlyCount "67"]
[EventDate "2011.??.??"]

1. e4 c5 2. Nf3 Nc6 3. d4 cxd4 4. Nxd4 g6 5. Nxc6 bxc6 6. Qd4 Nf6 7. e5 Ng8 8.
e6 Nf6 9. exd7+ Bxd7 10. Bd3 Bg7 11. Nc3 O-O 12. Qc5 Qb6 13. Na4 Qc7 14. Bd2
Nd5 15. O-O e5 16. Rad1 Rae8 17. Ba6 f5 18. Ba5 Qb8 19. Bc4 Kh8 20. Qa3 Be6 21.
Nc5 Qc8 22. Nxe6 Qxe6 23. Qc5 Qe7 24. Qxe7 Nxe7 25. Bb4 Bf6 26. Rd7 c5 27. Bxc5
Rc8 28. b4 Rfd8 29. Rfd1 Nc6 30. Ba6 Rb8 31. Rxd8+ Rxd8 32. Rxd8+ Bxd8 33. b5
Nd4 34. Bxa7 1-0

[Event "ChFreOpenA2011"]
[Site "Caen"]
[Date "2011.08.16"]
[Round "1.8"]
[White "Maruejols, Claude"]
[Black "Viennot, Dylan"]
[Result "1/2-1/2"]
[WhiteElo "2035"]
[BlackElo "2150"]
[PlyCount "64"]
[EventDate "2011.??.??"]

1. d4 e6 2. c4 f5 3. g3 Nf6 4. Bg2 d5 5. Nf3 c6 6. O-O Bd6 7. Bf4 Bxf4 8. gxf4
O-O 9. Nbd2 Qe7 10. Ne5 b6 11. Qa4 Bb7 12. Rac1 Ne4 13. Ndf3 Rf6 14. Rc2 h6 15.
cxd5 exd5 16. Rfc1 g5 17. e3 Kh7 18. Ne1 Rf8 19. N1d3 Rg8 20. Kh1 g4 21. b4 a6
22. Qb3 Ra7 23. a4 Qh4 24. b5 axb5 25. axb5 c5 26. dxc5 bxc5 27. Nxc5 Nxf2+ 28.
Rxf2 Qxf2 29. Nxb7 Rxb7 30. Bxd5 Rgg7 31. Rg1 Rbc7 32. Qd3 Qc2 1/2-1/2

[Event "ChFreOpenA2011"]
[Site "Caen"]
[Date "2011.08.16"]
[Round "1.9"]
[White "Guezennec, Franck"]
[Black "Secouard, Stephane"]
[Result "1-0"]
[WhiteElo "2147"]
[BlackElo "2034"]
[PlyCount "149"]
[EventDate "2011.??.??"]

1. e4 c5 2. Nf3 e6 3. d4 cxd4 4. Nxd4 Nc6 5. Nc3 Qc7 6. Be3 a6 7. Qd2 d6 8.
O-O-O b5 9. g4 Bb7 10. f3 Nxd4 11. Bxd4 Ne7 12. Qf2 Rc8 13. Bd3 Nc6 14. Bb6 Qb8
15. Kb1 Ne5 16. Bd4 Nc4 17. Bxc4 Rxc4 18. b3 Rc8 19. Ne2 a5 20. Bb2 b4 21. Ng3
d5 22. exd5 Bxd5 23. Rxd5 exd5 24. Qe2+ Kd7 25. Rd1 Bd6 26. Rxd5 Rc5 27. Rxc5
Bxc5 28. Ne4 Qb6 29. Qc4 Rc8 30. Qxf7+ Be7 31. Bxg7 Qc6 32. Qf5+ Ke8 33. c4
bxc3 34. Bxc3 a4 35. Qxh7 axb3 36. axb3 Qe6 37. Qh5+ Kf8 38. Kb2 Qa6 39. Qa5
Qe2+ 40. Nd2 Rd8 41. Qf5+ Ke8 42. Kc2 Qxh2 43. f4 Qg2 44. g5 Rd5 45. Qe6 Rd6
46. Qe3 Kf7 47. Qe5 Rd5 48. Qg7+ Ke6 49. Qh7 Bxg5 50. fxg5 Qxg5 51. Qe4+ Kd7
52. Nc4 Qf5 53. Qxf5+ Rxf5 54. Bd4 Kc6 55. Kc3 Rb5 56. Ne3 Rh5 57. Kc4 Rh1 58.
b4 Rc1+ 59. Bc3 Rb1 60. Nf5 Rg1 61. b5+ Kb7 62. Nd6+ Kc7 63. Ne4 Rg4 64. Ba5+
Kb8 65. Kd5 Rg1 66. Kc6 Rc1+ 67. Nc5 Rh1 68. Bc7+ Ka8 69. b6 Rb1 70. Bd8 Kb8
71. Bf6 Kc8 72. Be5 Rb4 73. Bc3 Rb1 74. b7+ Kb8 75. Nd7+ 1-0

[Event "ChFreOpenA2011"]
[Site "Caen"]
[Date "2011.08.16"]
[Round "1.10"]
[White "Feryn, Benjamin"]
[Black "Gidel, Jean-Louis"]
[Result "1/2-1/2"]
[WhiteElo "2032"]
[BlackElo "2145"]
[PlyCount "68"]
[EventDate "2011.??.??"]

1. e4 c6 2. d4 d5 3. Nc3 dxe4 4. Nxe4 Bf5 5. Ng3 Bg6 6. Nf3 Nd7 7. h4 h6 8. h5
Bh7 9. Bd3 Bxd3 10. Qxd3 e6 11. Ne4 Ngf6 12. Bd2 Be7 13. O-O-O Nxe4 14. Qxe4
Nf6 15. Qe2 Qd5 16. c4 Qe4 17. Qxe4 Nxe4 18. Be3 f5 19. Ne5 f4 20. Bxf4 Nxf2
21. Ng6 Kd7 22. Nxh8 Rxh8 23. Rhf1 Nxd1 24. Kxd1 Bf6 25. Be5 Ke7 26. Ke2 Rd8
27. Ke3 Bxe5 28. dxe5 c5 29. b3 Rd4 30. Rf4 Rd1 31. Rg4 Kf7 32. Rf4+ Ke7 33.
Rg4 Kf7 34. Rf4+ Ke7 1/2-1/2

[Event "Championnat de France 2011 - Open A"]
[Site "Caen"]
[Date "2011.08.17"]
[Round "2.1"]
[White "Lemeille, Francois"]
[Black "Naudier, Serge"]
[Result "0-1"]
[WhiteElo "2059"]
[BlackElo "2194"]
[PlyCount "92"]
[EventDate "2011.??.??"]

1. e4 c5 2. Nf3 g6 3. d4 Bg7 4. c4 Nc6 5. Be3 Qb6 6. Nc3 cxd4 7. Nd5 Qxb2 8.
Bf4 d3 9. Rb1 Bc3+ 10. Nd2 Qc2 11. Nc7+ Kd8 12. Nxa8 Nf6 13. Rc1 Nd4 14. Qxc2
Nxc2+ 15. Kd1 Bxd2 16. Bxd2 Nxe4 17. Bxd3 Nxf2+ 18. Kxc2 Nxh1 19. Rxh1 d6 20.
Be3 b6 21. Be4 Be6 22. Kd3 Kd7 23. a4 f5 24. Bf3 Bf7 25. Nxb6+ axb6 26. Bxb6
Rc8 27. Bd5 e6 28. Bf3 g5 29. a5 e5 30. Bd5 Bxd5 31. cxd5 e4+ 32. Kd2 Rc4 33.
Rc1 Ra4 34. g3 f4 35. gxf4 gxf4 36. Rf1 e3+ 37. Ke2 Ke7 38. Kf3 Kf6 39. Kg4 Ke5
40. h4 h5+ 41. Kf3 Ra2 42. Bc7 Rh2 43. Bd8 Rh3+ 44. Ke2 Ke4 45. a6 Rh2+ 46. Ke1
Ra2 0-1

[Event "Championnat de France 2011 - Open A"]
[Site "Caen"]
[Date "2011.08.17"]
[Round "2.2"]
[White "Lefebvre, Pierre"]
[Black "Bourdonnais, Loic"]
[Result "1-0"]
[WhiteElo "2058"]
[BlackElo "2165"]
[PlyCount "117"]
[EventDate "2011.??.??"]

1. e4 d6 2. c4 Nf6 3. Nc3 g6 4. g3 Bg7 5. Bg2 O-O 6. Nge2 c5 7. d3 Nc6 8. O-O
Ne8 9. Be3 Nc7 10. d4 cxd4 11. Nxd4 Ne5 12. b3 a6 13. h3 Bd7 14. Rc1 Nc6 15.
Nde2 b5 16. Bb6 Qb8 17. Bxc7 Qxc7 18. cxb5 axb5 19. Nxb5 Qb6 20. a4 Rab8 21.
Nec3 Nb4 22. Qe2 Rfc8 23. Rfd1 Rc5 24. Nd5 Nxd5 25. exd5 Bxb5 26. axb5 Bf6 27.
Bf1 Rbc8 28. Rxc5 Rxc5 29. Qa2 Rc3 30. Kg2 Bd4 31. Bc4 Kg7 32. Rd2 Bxf2 33.
Rxf2 Qe3 34. Qb2 Qxg3+ 35. Kh1 Qxh3+ 36. Kg1 f6 37. Qd2 Re3 38. Rg2 Re5 39. b6
Rh5 40. Rh2 Qg4+ 41. Rg2 Qh4 42. Rh2 Rg5+ 43. Kf1 Rf5+ 44. Rf2 Re5 45. Rh2 Rf5+
46. Kg1 Rg5+ 47. Rg2 Rh5 48. b7 Qh1+ 49. Kf2 Rf5+ 50. Ke3 Qh3+ 51. Kd4 Rh5 52.
Re2 e5+ 53. dxe6 Qf3 54. Re4 Re5 55. Qe2 Qh1 56. b8=Q Qa1+ 57. Kd3 Qb1+ 58. Kc3
Qa1+ 59. Qb2 1-0

[Event "Championnat de France 2011 - Open A"]
[Site "Caen"]
[Date "2011.08.17"]
[Round "2.3"]
[White "Levesque, Thomas"]
[Black "Duboue, Peio"]
[Result "0-1"]
[WhiteElo "2058"]
[BlackElo "2156"]
[PlyCount "72"]
[EventDate "2011.??.??"]

1. d4 d5 2. c4 e6 3. Nc3 Be7 4. Nf3 Nf6 5. g3 O-O 6. Bg2 Nbd7 7. O-O a6 8. c5
b6 9. c6 Nb8 10. Ne5 Ne8 11. e4 dxe4 12. Bxe4 Nd6 13. Bg2 Nf5 14. Ne2 a5 15. g4
Nh4 16. Bh1 f6 17. Nf3 Ng6 18. Ne1 e5 19. h3 f5 20. gxf5 Bxf5 21. Bg2 Nh4 22.
d5 Nxg2 23. Nxg2 Bc5 24. Kh2 Be4 25. Nc3 Bf3 26. Qd3 Nxc6 27. Be3 Nd4 28. Ne1
Qd6 29. Ne4 Qxd5 30. Nc3 Qd6 31. Ne4 Qd5 32. Nc3 Qf7 33. Rg1 Bh5 34. f4 Rad8
35. Qf1 Nf3+ 36. Nxf3 Bxe3 0-1

[Event "Championnat de France 2011 - Open A"]
[Site "Caen"]
[Date "2011.08.17"]
[Round "2.4"]
[White "Barbaras, Mathieu"]
[Black "Guezennec, Franck"]
[Result "0-1"]
[WhiteElo "2057"]
[BlackElo "2147"]
[PlyCount "90"]
[EventDate "2011.??.??"]

1. d4 d5 2. Nf3 c5 3. dxc5 Nc6 4. c3 a5 5. e3 e6 6. Bb5 Bxc5 7. O-O Nge7 8. c4
O-O 9. Nc3 Na7 10. Ba4 Bb4 11. cxd5 exd5 12. Nb5 Nac6 13. Nfd4 Ne5 14. h3 Bd7
15. a3 Bc5 16. Bd2 N7g6 17. Bc3 Qh4 18. Bc2 Kh8 19. Nc7 Bxh3 20. gxh3 Bxd4 21.
Bxd4 Qxh3 22. Bxe5 Nxe5 23. f4 Qg3+ 24. Kh1 Ng4 25. Qe2 Rad8 26. Rf3 Qh4+ 27.
Kg1 Rd6 28. Qg2 f5 29. Rh3 Qd8 30. Nb5 Rg6 31. Kh1 Qb6 32. Nd4 Nxe3 33. Qxg6
Qxg6 34. Rxe3 Qh6+ 35. Kg2 Qxf4 36. Rd3 Rf6 37. Ne2 Rg6+ 38. Ng3 Qc4 39. Rc3
Qe2+ 40. Kh1 Rh6+ 41. Kg1 Qh2+ 42. Kf1 Rc6 43. Re3 g6 44. Bxf5 gxf5 45. Nxf5
Qf4+ 0-1

[Event "Championnat de France 2011 - Open A"]
[Site "Caen"]
[Date "2011.08.17"]
[Round "2.5"]
[White "Devallee, Jeremie"]
[Black "Forestier, Flavien"]
[Result "1-0"]
[WhiteElo "2054"]
[BlackElo "2143"]
[PlyCount "69"]
[EventDate "2011.??.??"]

1. e4 e6 2. Nf3 d5 3. e5 c5 4. b4 d4 5. Bb2 Qb6 6. b5 a6 7. a4 axb5 8. Bxb5+
Bd7 9. Na3 Bxb5 10. axb5 Nd7 11. Qe2 Nh6 12. O-O Be7 13. Nc4 Qd8 14. Rxa8 Qxa8
15. Ra1 Qb8 16. Qe4 O-O 17. Na5 Bd8 18. Nxb7 Bc7 19. c4 Nxe5 20. Nxe5 Bxe5 21.
g3 f5 22. Qc6 f4 23. Nxc5 Qd6 24. Qxd6 Bxd6 25. Nxe6 fxg3 26. Nxf8 gxh2+ 27.
Kh1 Kxf8 28. Bxd4 Nf5 29. Be3 Kf7 30. b6 Ke6 31. c5 Be5 32. d4 Nxd4 33. Bxd4
Bxd4 34. b7 Be5 35. Re1 1-0

[Event "Championnat de France 2011 - Open A"]
[Site "Caen"]
[Date "2011.08.17"]
[Round "2.6"]
[White "Agrech, Pierre"]
[Black "Naudion, Gregoire"]
[Result "0-1"]
[WhiteElo "2142"]
[BlackElo "2051"]
[PlyCount "58"]
[EventDate "2011.??.??"]

1. c4 e5 2. Nc3 Nf6 3. Nf3 Nc6 4. g3 d6 5. Bg2 g6 6. d4 exd4 7. Nxd4 Nxd4 8.
Qxd4 Bg7 9. b3 O-O 10. Bb2 Ng4 11. Qd2 Rb8 12. O-O a6 13. a4 Bd7 14. Rfd1 Qf6
15. Bf3 b5 16. axb5 axb5 17. c5 b4 18. Na4 Ne5 19. c6 Qxf3 20. Bxe5 Qxc6 21.
Bxg7 Bh3 22. f3 Kxg7 23. Qd4+ f6 24. g4 Qb5 25. Rd2 h5 26. Rc1 Rf7 27. Rc4 Qg5
28. Rxb4 c5 29. Nxc5 dxc5 0-1

[Event "Championnat de France 2011 - Open A"]
[Site "Caen"]
[Date "2011.08.17"]
[Round "2.7"]
[White "Chaplain, Fabrice"]
[Black "Smati, Reda"]
[Result "1-0"]
[WhiteElo "2133"]
[BlackElo "2049"]
[PlyCount "77"]
[EventDate "2011.??.??"]

1. c3 d5 2. Nf3 g6 3. g3 Bg7 4. Bg2 e5 5. d3 Ne7 6. O-O O-O 7. Nbd2 h6 8. e4
Be6 9. Re1 Nd7 10. Qc2 c6 11. b3 Qa5 12. Bb2 g5 13. d4 f5 14. exd5 Bxd5 15.
Nxe5 Nxe5 16. dxe5 Bxg2 17. Kxg2 Qd5+ 18. Kg1 f4 19. c4 Qe6 20. Qe4 Rad8 21.
Nf3 fxg3 22. hxg3 Qf7 23. Kg2 g4 24. Qxg4 Rd3 25. Re3 Rxe3 26. fxe3 Nf5 27. Re1
h5 28. Qg5 Nd4 29. Bxd4 Qxf3+ 30. Kh3 Rf5 31. Qg6 h4 32. e6 Qxg3+ 33. Qxg3 hxg3
34. Kxg3 Bf6 35. Kg4 Rf2 36. Kg3 Rf5 37. e4 Rg5+ 38. Kf4 Be7 39. Rh1 1-0

[Event "Championnat de France 2011 - Open A"]
[Site "Caen"]
[Date "2011.08.17"]
[Round "2.8"]
[White "Montabord, Manuel"]
[Black "Bilquez, Romain"]
[Result "0-1"]
[WhiteElo "2052"]
[BlackElo "2130"]
[PlyCount "52"]
[EventDate "2011.??.??"]

1. e4 e6 2. d3 d5 3. Qe2 Nf6 4. Nf3 Be7 5. g3 c5 6. Bg2 Nc6 7. O-O b6 8. e5 Nd7
9. c4 d4 10. Nfd2 Qc7 11. f4 Bb7 12. Ne4 O-O-O 13. Na3 a6 14. Nc2 Rde8 15. b4
cxb4 16. Rb1 Nc5 17. Bd2 a5 18. Na1 Na4 19. Nb3 Nc3 20. Bxc3 dxc3 21. a4 Rd8
22. Qe3 Nb8 23. Nd4 Bxe4 24. Nb5 Bxg2 25. Nxc7 Bc5 26. Qxc5 bxc5 0-1

[Event "Championnat de France 2011 - Open A"]
[Site "Caen"]
[Date "2011.08.17"]
[Round "2.9"]
[White "Heng, Jim"]
[Black "Bordet, Matthieu"]
[Result "0-1"]
[WhiteElo "2047"]
[BlackElo "2127"]
[PlyCount "64"]
[EventDate "2011.??.??"]

1. d4 Nf6 2. c4 g6 3. Nc3 d5 4. cxd5 Nxd5 5. e4 Nxc3 6. bxc3 Bg7 7. Nf3 c5 8.
Rb1 O-O 9. Be2 Nc6 10. d5 Ne5 11. Nxe5 Bxe5 12. Qd2 Qa5 13. Rb3 a6 14. Ra3 Qc7
15. f4 Bg7 16. c4 Bd7 17. O-O b5 18. Bb2 Bxb2 19. Qxb2 bxc4 20. Bxc4 Bb5 21.
Qc1 Bxc4 22. Qxc4 Rfb8 23. e5 Rb4 24. Qc2 Qb6 25. Qf2 Rb2 26. Qe3 Rd8 27. Rd1
Rc2 28. Rb3 Qa5 29. a3 c4 30. Rb4 Rxd5 31. Rdb1 Rdd2 32. Qe4 Qxa3 0-1

[Event "Championnat de France 2011 - Open A"]
[Site "Caen"]
[Date "2011.08.17"]
[Round "2.10"]
[White "Vignier, Pascal"]
[Black "Laplanche, Denis"]
[Result "1-0"]
[WhiteElo "2046"]
[BlackElo "2125"]
[PlyCount "137"]
[EventDate "2011.??.??"]

1. e4 c5 2. Nf3 e6 3. c3 d5 4. exd5 exd5 5. d4 Nc6 6. Be2 Nf6 7. O-O Be7 8.
dxc5 Bxc5 9. Nbd2 O-O 10. Nb3 Be7 11. Be3 Re8 12. Qc2 Bg4 13. Nfd4 Rc8 14. Nxc6
bxc6 15. Rad1 Bd6 16. Rfe1 Bb8 17. h3 Bxe2 18. Qxe2 Qd6 19. Qf3 Ne4 20. g3 Qg6
21. Bf4 Qf6 22. Kg2 Bxf4 23. Qxf4 Qxf4 24. gxf4 Re6 25. Nd4 Rg6+ 26. Kf1 Kf8
27. Re3 Rf6 28. Ne2 Nd6 29. b3 a5 30. Red3 Nf5 31. c4 Ne7 32. Rc1 Rd8 33. cxd5
Rxd5 34. Rxd5 Nxd5 35. Rc5 a4 36. bxa4 Nxf4 37. Rc3 Nd5 38. Ra3 c5 39. a5 Ra6
40. Ke1 Ke7 41. Kd2 Kd6 42. Kd3 Kc6 43. Kc4 f5 44. h4 g6 45. Nc1 Nb6+ 46. Kc3
Nc8 47. Nd3 Nd6 48. Ra4 Kb5 49. Ra3 Ne4+ 50. Kc2 c4 51. Nb2 Nxf2 52. Rc3 Rxa5
53. a4+ Kc6 54. Rxc4+ Kd5 55. Kd2 Ng4 56. Rf4 Nf6 57. Rb4 Ne4+ 58. Ke3 Nd6 59.
Rd4+ Ke5 60. Rxd6 Rc5 61. Rd3 Rc2 62. Rb3 Rh2 63. Rb5+ Kd6 64. Nc4+ Ke6 65. Rc5
Rxh4 66. a5 Kd7 67. a6 Re4+ 68. Kf3 Re6 69. Ra5 1-0

[Event "Championnat de France 2011 - Open A"]
[Site "Caen"]
[Date "2011.08.18"]
[Round "3.1"]
[White "Naudier, Serge"]
[Black "Veron, Cyprien"]
[Result "1-0"]
[WhiteElo "2194"]
[BlackElo "2062"]
[PlyCount "73"]
[EventDate "2011.??.??"]

1. e4 e5 2. Nf3 Nc6 3. Bb5 a6 4. Ba4 Nf6 5. O-O Be7 6. Re1 b5 7. Bb3 O-O 8. d4
d6 9. c3 Bg4 10. Be3 Na5 11. Bc2 Nc4 12. Bc1 c5 13. b3 Nb6 14. dxe5 Bxf3 15.
Qxf3 dxe5 16. Nd2 Qc7 17. Nf1 Rfd8 18. Bg5 Ne8 19. Bxe7 Qxe7 20. Ne3 g6 21.
Rad1 Rxd1 22. Rxd1 Rd8 23. Rxd8 Qxd8 24. Qe2 Nc7 25. a4 bxa4 26. bxa4 a5 27.
Bb3 Qd7 28. Ng4 Qe7 29. h3 h5 30. Nh2 Kg7 31. Nf3 c4 32. Bxc4 Qc5 33. Bb3 Qxc3
34. Qd1 Na6 35. Ng5 f6 36. Ne6+ Kh7 37. Qd8 1-0

[Event "Championnat de France 2011 - Open A"]
[Site "Caen"]
[Date "2011.08.18"]
[Round "3.2"]
[White "Duboue, Peio"]
[Black "Lefebvre, Pierre"]
[Result "1-0"]
[WhiteElo "2156"]
[BlackElo "2058"]
[PlyCount "39"]
[EventDate "2011.??.??"]

1. e4 c5 2. Nf3 e6 3. d4 cxd4 4. Nxd4 a6 5. Bd3 Nf6 6. O-O Qc7 7. c4 d6 8. Kh1
Be7 9. Nc3 O-O 10. f4 g6 11. f5 Nc6 12. Nxc6 bxc6 13. Bh6 Re8 14. fxg6 fxg6 15.
e5 dxe5 16. Qf3 Bf8 17. Ne4 Bxh6 18. Nxf6+ Kh8 19. Nxe8 Qe7 20. Qf6+ 1-0

[Event "Championnat de France 2011 - Open A"]
[Site "Caen"]
[Date "2011.08.18"]
[Round "3.3"]
[White "Guezennec, Franck"]
[Black "Devallee, Jeremie"]
[Result "0-1"]
[WhiteElo "2147"]
[BlackElo "2054"]
[PlyCount "80"]
[EventDate "2011.??.??"]

1. e4 c5 2. Nf3 d6 3. d4 cxd4 4. Nxd4 Nf6 5. f3 g6 6. c4 Bg7 7. Nc3 Nc6 8. Be3
O-O 9. Qd2 Nxd4 10. Bxd4 Be6 11. Be2 a6 12. O-O Qa5 13. Rfd1 Rfc8 14. b3 Nd7
15. Bxg7 Kxg7 16. Rac1 Rab8 17. f4 f6 18. Kh1 b5 19. cxb5 axb5 20. Qb2 b4 21.
Na4 Nc5 22. Nxc5 Rxc5 23. Rxc5 Qxc5 24. Qd2 Rc8 25. h3 h5 26. Bd3 h4 27. Qe2 g5
28. e5 dxe5 29. fxg5 f5 30. Bc4 Bxc4 31. bxc4 e4 32. Qb2+ Kg6 33. Rd5 Qxc4 34.
Qe5 Qc1+ 35. Kh2 Qc7 36. Qxc7 Rxc7 37. Rb5 Rc4 38. g4 e6 39. Rb8 Kxg5 40. Rg8+
Kf4 0-1

[Event "Championnat de France 2011 - Open A"]
[Site "Caen"]
[Date "2011.08.18"]
[Round "3.4"]
[White "Heurtebize, Christophe"]
[Black "Chaplain, Fabrice"]
[Result "0-1"]
[WhiteElo "2084"]
[BlackElo "2133"]
[PlyCount "56"]
[EventDate "2011.??.??"]

1. d4 Nf6 2. c4 g6 3. Nc3 Bg7 4. e4 d6 5. Nf3 O-O 6. Be2 e5 7. O-O Na6 8. d5
Nc5 9. Nd2 a5 10. b3 Nfd7 11. Bb2 f5 12. a3 Nf6 13. f3 Bh6 14. Bc1 Be3+ 15. Kh1
Nh5 16. g3 f4 17. g4 Nf6 18. b4 axb4 19. Ncb1 h5 20. Nb3 Nxb3 21. Qxb3 Bxc1 22.
Rxc1 hxg4 23. Rg1 Kg7 24. Qxb4 Rh8 25. fxg4 Nxe4 26. Bf3 Rxh2+ 27. Kxh2 Qh4+
28. Kg2 Qg3+ 0-1

[Event "Championnat de France 2011 - Open A"]
[Site "Caen"]
[Date "2011.08.18"]
[Round "3.5"]
[White "Bilquez, Romain"]
[Black "Vignier, Pascal"]
[Result "1-0"]
[WhiteElo "2130"]
[BlackElo "2046"]
[PlyCount "47"]
[EventDate "2011.??.??"]

1. Nf3 Nf6 2. g3 g6 3. Bg2 Bg7 4. O-O O-O 5. d4 d6 6. c4 c5 7. dxc5 dxc5 8. Qb3
Qb6 9. Nc3 Nc6 10. Na4 Qxb3 11. axb3 Nd7 12. Rd1 Nd4 13. Nxd4 cxd4 14. e3 e5
15. exd4 exd4 16. Bf4 Re8 17. c5 Ne5 18. Nb6 Bg4 19. Nxa8 Bxd1 20. Rxd1 Rxa8
21. Bxb7 Re8 22. c6 Re7 23. Kg2 h6 24. Bd2 1-0

[Event "Championnat de France 2011 - Open A"]
[Site "Caen"]
[Date "2011.08.18"]
[Round "3.6"]
[White "Bordet, Matthieu"]
[Black "Najart, David"]
[Result "1-0"]
[WhiteElo "2127"]
[BlackElo "2024"]
[PlyCount "69"]
[EventDate "2011.??.??"]

1. d4 d5 2. c4 c6 3. Nf3 Nf6 4. Nc3 e6 5. Bg5 dxc4 6. e4 b5 7. e5 h6 8. Bh4 g5
9. exf6 gxh4 10. Ne5 Qxf6 11. Be2 Nd7 12. Nxc6 Bb7 13. Bf3 a6 14. O-O Rc8 15.
Ne5 Bxf3 16. Nxf3 Rg8 17. Qe2 Qf4 18. Rae1 Bd6 19. Nd5 Qg4 20. Ne3 Qh5 21. Kh1
Kf8 22. Qd2 h3 23. g4 Qg6 24. Ng1 Bf4 25. f3 h5 26. Nxh3 Bxe3 27. Qxe3 hxg4 28.
Nf4 Qg5 29. fxg4 Ke7 30. Qa3+ Kd8 31. Rxe6 Qxg4 32. Qa5+ Rc7 33. Rc6 Nb6 34.
Qxb6 Qd7 35. Rd6 1-0

[Event "Championnat de France 2011 - Open A"]
[Site "Caen"]
[Date "2011.08.18"]
[Round "3.7"]
[White "Malka, Samuel"]
[Black "Ozenne, Corentin"]
[Result "1-0"]
[WhiteElo "2071"]
[BlackElo "2105"]
[PlyCount "49"]
[EventDate "2011.??.??"]

1. d4 Nf6 2. c4 g6 3. Nc3 Bg7 4. e4 d6 5. Nf3 O-O 6. Be2 e5 7. Be3 Nbd7 8. O-O
Re8 9. d5 Nh5 10. g3 Bf8 11. Ng5 Be7 12. f4 exf4 13. Nxf7 Kxf7 14. Bxh5 Kg8 15.
Bd4 gxh5 16. Qxh5 Ne5 17. Rxf4 Bf8 18. Raf1 Bg7 19. Rf7 Qe7 20. Bxe5 dxe5 21.
Rxe7 Rxe7 22. Qg5 Re8 23. Nb5 Bh3 24. Nxc7 Rf8 25. Rf2 1-0

[Event "Championnat de France 2011 - Open A"]
[Site "Caen"]
[Date "2011.08.18"]
[Round "3.8"]
[White "Zerafa, Jonathan"]
[Black "Le Goff, Ronan"]
[Result "1-0"]
[WhiteElo "2062"]
[BlackElo "2104"]
[PlyCount "93"]
[EventDate "2011.??.??"]

1. d4 d5 2. c4 e6 3. Nc3 Be7 4. cxd5 exd5 5. Bf4 Nf6 6. e3 O-O 7. Bd3 b6 8. Nf3
Bb7 9. O-O Nbd7 10. Rc1 c5 11. dxc5 bxc5 12. h3 Qb6 13. b3 Rfd8 14. Na4 Qa5 15.
b4 cxb4 16. Bc7 Nb6 17. Bxd8 Rxd8 18. Nxb6 Qxb6 19. Nd4 Bf8 20. Qa4 Bc5 21.
Rfd1 g6 22. Qb5 Bxd4 23. exd4 Qxb5 24. Bxb5 Ne4 25. Rc7 Bc8 26. Re1 a5 27. Ra7
Be6 28. Rxa5 Nc3 29. Bd3 Rb8 30. Rc1 Bf5 31. Bf1 Rc8 32. Kh2 Rb8 33. g4 Be4 34.
Bg2 Bxg2 35. Kxg2 b3 36. axb3 Rxb3 37. Rc2 Nb5 38. Rc8+ Kg7 39. Rb8 Nxd4 40.
Rxb3 Nxb3 41. Rxd5 Nc1 42. Kf3 Na2 43. Rc5 Nb4 44. Ke3 Na6 45. Rc8 Nb4 46. Kd4
Kf6 47. Rc4 1-0